Egos revueltos (Record no. 177990)

MARC details
000 -LEADER
campo de control de longitud fija 01071nam a2200313 4500
001 - NÚMERO DE CONTROL
campo de control 177990
003 - IDENTIFICADOR DE NÚMERO DE CONTROL
campo de control ES-MaACL
005 - FECHA Y HORA DE LA ÚLTIMA TRANSACCIÓN
campo de control 20250603170600.0
008 - DATOS DE LONGITUD FIJA--INFORMACIÓN GENERAL
campo de control de longitud fija 110511s2010 sp acfo |||| |aspa d
017 ## - NÚMERO DE COPYRIGHT O DE DEPÓSITO LEGAL
Número de copyright o de depósito legal B.1.511-2010
020 ## - NÚMERO INTERNACIONAL ESTÁNDAR DEL LIBRO
Número Internacional Estándar del Libro 9788483832219
080 ## - NÚMERO DE LA CLASIFICACIÓN DECIMAL UNIVERSAL
Número de la Clasificación Decimal Universal 821.134.2-94"19"
100 1# - ENTRADA PRINCIPAL--NOMBRE DE PERSONA
Nombre de persona Cruz Ruiz, Juan.
9 (RLIN) 41848
245 10 - MENCIÓN DEL TÍTULO
Título Egos revueltos
Resto del título : una memoria personal de la vida literaria /
Mención de responsabilidad, etc. Juan Cruz Ruiz.
250 ## - MENCION DE EDICION
Mención de edición 1ª ed.
260 ## - PUBLICACIÓN, DISTRIBUCIÓN, ETC.
Lugar de publicación, distribución, etc. Barcelona :
Nombre del editor, distribuidor, etc. Tusquets,
Fecha de publicación, distribución, etc. 2010.
300 ## - DESCRIPCIÓN FÍSICA
Extensión 479 p. :
Otras características físicas il., fot. ;
Dimensiones 23 cm.
490 1# - MENCIÓN DE SERIE
Mención de serie Tiempo de memoria ;
Designación de volumen o secuencia 78
500 ## - NOTA GENERAL
Nota general Índice onomástico.
586 ## - NOTA DE PREMIOS
Nota de premios XXII Premio Comillas de Historia, Biografía y Memorias
650 #4 - PUNTO DE ACCESO ADICIONAL DE MATERIA--TÉRMINO DE MATERIA
Término de materia o nombre geográfico como elemento de entrada Escritores y editores-
Subdivisión geográfica España-
Subdivisión cronológica S.XX.
9 (RLIN) 12398
650 #4 - PUNTO DE ACCESO ADICIONAL DE MATERIA--TÉRMINO DE MATERIA
Término de materia o nombre geográfico como elemento de entrada Escritores-
Subdivisión cronológica S.XX.
9 (RLIN) 146471
651 #4 - PUNTO DE ACCESO ADICIONAL DE MATERIA--NOMBRE GEOGRÁFICO
Nombre geográfico España-
Subdivisión general Vida intelectual-
Subdivisión cronológica S.XX
9 (RLIN) 8529
830 0# - PUNTO DE ACCESO ADICIONAL DE SERIE-TÍTULO UNIFORME
Título uniforme Tiempo de memoria ;
Designación de volumen o secuencia 78
9 (RLIN) 180241
852 ## - LOCALIZACIÓN
Ubicación ES-MaACL
itemnumber 184849
Sublocalización o colección R.145726
Número de control de estantería A-11150
Signatura antigua Olim: N-4155
Ubicación en estantería Depósito 1
942 ## - ELEMENTOS DE ENTRADA SECUNDARIOS (KOHA)
Fuente del sistema de clasificación o colocación Clasificación decimal universal
Tipo de ítem Koha Libro impreso
Holdings
Estatus retirado Estado de pérdida Fuente del sistema de clasificación o colocación Estado de daño No para préstamo Biblioteca de origen Biblioteca actual Ubicación en estantería Fecha de adquisición Fuente de adquisición Total de préstamos Signatura topográfica completa Código de barras Visto por última vez Precio de reemplazo Tipo de ítem Koha
    Clasificación decimal universal     Biblioteca del Ateneo de Madrid Biblioteca del Ateneo de Madrid Depósito 1 11/05/2011 Compra   A-11150 1186982 23/02/2023 23/02/2023 Libro impreso